|
|
|
|
| LEADER |
00928nam a22002892i 4500 |
| 001 |
000446335 |
| 003 |
CZ BrMZK |
| 005 |
20151026110345.0 |
| 007 |
ta |
| 008 |
151026s1955 pl er|||||||||||pol d |
| 040 |
|
|
|a OSA001
|b cze
|d BOA001
|e rda
|
| 100 |
1 |
|
|a Staff, Leopold,
|d 1878-1957
|7 ola2003172166
|4 aut
|
| 245 |
1 |
0 |
|a Wiersze zebrane.
|n Tom 3,
|p Łabędź i lira.
|p Tęcza łez i krwi.
|p Ścieżki polne/
|c Leopold Staff
|
| 246 |
3 |
0 |
|a Łabędź i lira
|
| 246 |
3 |
0 |
|a Tęcza łez i krwi
|
| 246 |
3 |
0 |
|a Ścieżki polne
|
| 250 |
|
|
|a 1. wydanie
|
| 264 |
|
1 |
|a Warszawa :
|b Państwowy Instytut Wydawniczy,
|c 1955
|
| 300 |
|
|
|a 418 stran
|
| 336 |
|
|
|a text
|b txt
|2 rdacontent
|
| 337 |
|
|
|a bez média
|b n
|2 rdamedia
|
| 338 |
|
|
|a svazek
|b nc
|2 rdacarrier
|
| 653 |
0 |
|
|a poezie
|
| 910 |
|
|
|a BOA001
|b 2-0354.724
|
| 990 |
|
|
|a BK
|
| 991 |
|
|
|b 201510
|
| 996 |
7 |
|
|b 2619766106
|c 2-0354.724
|l MZK
|r Sklad / do 24 hodin
|n 0
|w 000446335
|u 000010
|a 1
|e BOA001
|j MZK50
|s A
|